Kraje z wtyczkami/gniazdkami jak Polska - 2025 - Statystyki

Ogólne statystyki
  • Ten quiz został rozwiązany 5 razy
  • Średni wynik to 9 z 31
Statystyki odpowiedzi
Nr Państwa z typem wtyczek/gniazdek zarówno C i E % Poprawnych
1. Belgia
100%
6. Czechy
75%
7. Dania
75%
11. Francja
75%
27. Słowacja
75%
5. Czad
50%
2. Benin
25%
3. Burkina Faso
25%
4. Burundi
25%
8. Demokratyczna Republika Konga
25%
9. Dżibuti
25%
10. Etiopia
25%
12. Gwinea Równikowa
25%
13. Kamerun
25%
15. Kongo
25%
19. Mali
25%
20. Maroko
25%
24. Republika Środkowoafrykańska
25%
26. Senegal
25%
28. Syria
25%
30. Tunezja
25%
31. Wybrzeże Kości Słoniowej
25%
14. Komory
0%
16. Laos
0%
17. Liberia
0%
18. Madagaskar
0%
21. Monako
0%
22. Mongolia
0%
23. Niger
0%
25. Saint Vincent i Grenadyny
0%
29. Timor Wschodni
0%
Nie znaleziono quizów pasujących do podanych kryteriów
Rozkład punktacji
Procent ludzi z każdym wynikiem
Percentyl według liczby udzielonych odpowiedzi
Twoja historia wyników
Nie rozwiązałeś tego quizu